Which South American Country… - Statistics

General Stats
  • This quiz has been taken 15 times
  • The average score is 11 of 24
Answer Stats
Hint Answer % Correct
…is not an independent country, but an overseas territory? French Guiana
92%
…is Easter Island (Rapa Nui) a part of? Chile
83%
…has the largest alpaca population on Earth? Peru
83%
…has the most oil reserves in the world and is a founding member of OPEC? Venezuela
83%
…has a population of over 222 million? Brazil
75%
…can the Galápagos Islands be found in? Ecuador
75%
…sits the ancient Incan site of Machu Picchu? Peru
75%
…did the tango originate in? Argentina
67%
…is the only national team to have competed in every single FIFA World Cup, and has won five times? Brazil
67%
…was known as Dutch Guiana until its independence in 1975? Suriname
58%
…is the birthplace of Che Guevara? Argentina
50%
…has the highest biodiversity of any country on Earth? Brazil
50%
…has 37 different official languages? Bolivia
33%
…is the majority of the population ethnic Guaraní? Paraguay
33%
…uses the US Dollar as its currency? Ecuador
25%
…has become one of the world’s fastest-growing economies due to an offshore oil boom since 2015? Guyana
25%
…is known for Cerro Rico de Potosí, a mountain full of silver which largely financed the Spanish Empire? Bolivia
17%
…has mummies which predated Egyptian mummification by over 2,000 years? Chile
17%
…has the highest annual rainfall in the world? Colombia
17%
…is the world’s largest emerald producer? Colombia
17%
…has roughly three and a half cows for every person? Uruguay
17%
…is the birthplace of Simón Bolívar? Venezuela
17%
…is divided into two halves: a rugged, forested east, and the Gran Chaco plains to the west? Paraguay
8%
…is 97% forested? French Guiana
0%
No matching quizzes found
Score Distribution
Percent of People with Each Score
Percentile by Number Answered
Your Score History
You have not taken this quiz